[Event "GER-ch53 V08 email"]
[Site "GER email"]
[Date "2021.04.21"]
[Round "?"]
[White "Fischer, Rudi"]
[Black "Kaiser, Stephan"]
[Result "1/2-1/2"]
[WhiteElo "2126"]
[BlackElo "2067"]
[PlyCount "210"]
[EventDate "2021.04.21"]
[EventType "tourn (corr)"]
[EventRounds "10"]
[EventCountry "GER"]
[SourceTitle "Corr 2024"]
[Source "ChessBase"]
[SourceDate "2023.10.19"]
[SourceVersion "1"]
[SourceVersionDate "2023.10.19"]
[SourceQuality "1"]

1. e4 e6 2. d4 d5 3. Nc3 Bb4 4. e5 c5 5. a3 Bxc3+ 6. bxc3 Qc7 7. Qg4 Ne7 8. Qxg7 Rg8 9. Qxh7 cxd4 10. Qd3 Qxe5+ 11. Ne2 dxc3 12. Qxc3 Qxc3+ 13. Nxc3 e5 14. Rb1 b6 15. f4 Nbc6 16. fxe5 Nxe5 17. Bb2 Kf8 18. Nxd5 Nxd5 19. Bxe5 Rg5 20. Bd6+ Kg8 21. Kd2 Bf5 22. Rb5 Be4 23. Bg3 Rd8 24. Bd3 Bxd3 25. cxd3 a6 26. Rbb1 b5 27. Rhe1 Rg4 28. Re2 Ra4 29. Rb3 b4 30. axb4 f6 31. Ke1 Nxb4 32. Rd2 a5 33. Kf2 Kf7 34. Bc7 Rd5 35. g3 Rf5+ 36. Kg2 Nd5 37. Bb6 Rb4 38. Rxb4 Nxb4 39. Rd1 Kg6 40. Ra1 Rb5 41. Bxa5 Nxd3 42. Bc3 Rb3 43. Bd4 Rb4 44. Ba7 Rb2+ 45. Kg1 Ne5 46. Rf1 Ng4 47. h3 Rb3 48. Kg2 Rb2+ 49. Kg1 Rb3 50. Bf2 Ne5 51. Ra1 Rb2 52. Ra4 Rb1+ 53. Kh2 Rb2 54. Kg1 Rb1+ 55. Kg2 Rb2 56. Rd4 Rc2 57. Kf1 Rc1+ 58. Kg2 Rc2 59. Rd8 Ra2 60. Rd1 Rb2 61. Rd6 Ra2 62. Rd8 Rb2 63. Kf1 Ra2 64. Be3 Nf3 65. Rg8+ Kf7 66. Rh8 Nh2+ 67. Ke1 Nf3+ 68. Kd1 Ng5 69. Bxg5 fxg5 70. g4 Rb2 71. Rh7+ Kg6 72. Rh8 Rh2 73. Ke1 Kg7 74. Rh5 Kg6 75. Kf1 Ra2 76. Kg1 Kf6 77. Rh8 Ra1+ 78. Kg2 Ra2+ 79. Kf3 Ra3+ 80. Ke4 Ra4+ 81. Kd5 Ra3 82. Ke4 Ra4+ 83. Kd5 Ra3 84. Kd6 Kg7 85. Rh5 Kg6 86. Kc5 Rg3 87. Kc4 Re3 88. Kd4 Ra3 89. Kc4 Rg3 90. Kb4 Rd3 91. Kc4 Ra3 92. Kd4 Rb3 93. Ke4 Ra3 94. Rh8 Ra4+ 95. Ke5 Ra5+ 96. Ke6 Ra6+ 97. Kd5 Ra5+ 98. Kc4 Ra3 99. Rh5 Rg3 100. Kb4 Re3 101. Kc5 Rg3 102. Kd5 Ra3 103. h4 gxh4 104. Rxh4 Kg5 105. Rh1 Kxg4 1/2-1/2

[Event "GER-ch53 V08 email"]
[Site "GER email"]
[Date "2021.04.21"]
[Round "?"]
[White "Kaiser, Stephan"]
[Black "Bellmann, Herbert"]
[Result "1/2-1/2"]
[WhiteElo "2067"]
[BlackElo "2257"]
[PlyCount "114"]
[EventDate "2021.04.21"]
[EventType "tourn (corr)"]
[EventRounds "10"]
[EventCountry "GER"]
[SourceTitle "Corr 2024"]
[Source "ChessBase"]
[SourceDate "2023.10.19"]
[SourceVersion "1"]
[SourceVersionDate "2023.10.19"]
[SourceQuality "1"]

1. e4 c5 2. Nf3 d6 3. Bb5+ Nd7 4. c4 Ngf6 5. Nc3 g6 6. Ba4 Bg7 7. 0-0 0-0 8. d3 Nb6 9. Bc2 Nfd7 10. h3 Nb8 11. Rb1 Bd7 12. a3 a5 13. Bd2 Nc6 14. Re1 Be8 15. Ne2 a4 16. Nc3 Nd4 17. Nxd4 cxd4 18. Nd5 Bc6 19. Nb4 Qc7 20. Rf1 e6 21. f4 Rfe8 22. Rc1 Nd7 23. f5 Bf6 24. fxe6 fxe6 25. Nd5 exd5 26. exd5 Bg7 27. dxc6 Qxc6 28. Bf4 Rf8 29. Qe2 Rae8 30. Qg4 Ne5 31. Qd1 Ra8 32. Qe2 b5 33. cxb5 Qxb5 34. Rb1 Kh8 35. Bg3 Rxf1+ 36. Qxf1 h5 37. b4 Kh7 38. Qe2 Rc8 39. Qd1 Ra8 40. Bf4 Nd7 41. Bxd6 Ra6 42. Bf4 Nb6 43. Qf3 Nd5 44. Re1 Qd7 45. Bg5 Ne3 46. Bd1 Qc8 47. Bh4 Qc3 48. Qb7 Rf6 49. Bf3 Rf4 50. g4 hxg4 51. hxg4 Qxd3 52. Bg3 Qc3 53. Re2 Qc1+ 54. Re1 Qc3 55. Re2 Qc1+ 56. Re1 Qd2 57. Re2 Qc1+ 1/2-1/2

[Event "GER-ch51 V03 email"]
[Site "GER email"]
[Date "2019.04.14"]
[Round "?"]
[White "Kaiser, Stephan"]
[Black "Mehlhorn, Uwe"]
[Result "1/2-1/2"]
[WhiteElo "2266"]
[BlackElo "2382"]
[PlyCount "54"]
[EventDate "2019.??.??"]
[EventType "tourn (corr)"]
[EventRounds "10"]
[EventCountry "GER"]
[SourceTitle "Corr 2022"]
[Source "ChessBase"]
[SourceDate "2021.10.24"]
[SourceVersion "1"]
[SourceVersionDate "2021.10.24"]
[SourceQuality "1"]

1. e4 c5 2. Nf3 d6 3. Bb5+ Bd7 4. Bxd7+ Qxd7 5. c4 Nc6 6. Nc3 Nf6 7. d4 cxd4 8. Nxd4 g6 9. f3 Bg7 10. Be3 0-0 11. 0-0 a6 12. Qd3 Ne5 13. Qe2 Rac8 14. b3 b5 15. Nd5 Nxd5 16. cxd5 e6 17. dxe6 fxe6 18. Rad1 Nf7 19. Qd2 Rc7 20. Rc1 Rfc8 21. Rxc7 Rxc7 22. Qa5 Bxd4 23. Bxd4 Qc8 24. a4 bxa4 25. Qxa4 Rc2 26. h4 e5 27. Bf2 Rb2 1/2-1/2

[Event "GER-ch51 V03 email"]
[Site "GER email"]
[Date "2019.04.14"]
[Round "?"]
[White "Poess, Frank"]
[Black "Kaiser, Stephan"]
[Result "1/2-1/2"]
[WhiteElo "2483"]
[BlackElo "2266"]
[PlyCount "122"]
[EventDate "2019.??.??"]
[EventType "tourn (corr)"]
[EventRounds "10"]
[EventCountry "GER"]
[SourceTitle "Corr 2022"]
[Source "ChessBase"]
[SourceDate "2021.10.24"]
[SourceVersion "1"]
[SourceVersionDate "2021.10.24"]
[SourceQuality "1"]

1. Nf3 Nf6 2. d4 d5 3. c4 e6 4. Nc3 c6 5. e3 Nbd7 6. Qc2 Bd6 7. Bd3 0-0 8. 0-0 dxc4 9. Bxc4 a6 10. Rd1 b5 11. Bd3 Bb7 12. Ng5 Bxh2+ 13. Kxh2 Ng4+ 14. Kg1 Qxg5 15. f3 Ngf6 16. e4 Qh4 17. Be3 h6 18. Ne2 Rfd8 19. b4 Nf8 20. Rac1 Ng6 21. Qd2 Nd7 22. a3 Qe7 23. Qe1 Ndf8 24. Qc3 Qc7 25. Rc2 Rd7 26. f4 Rad8 27. Qb3 Ne7 28. Rcc1 Kh8 29. Bb1 f5 30. Nc3 Bc8 31. e5 Qb7 32. Qb2 Rc7 33. Qf2 Nd7 34. Ba2 Nd5 35. Qh4 Re8 36. Rd3 N7b6 37. Bd2 Qa7 38. Ne2 Nc4 39. Be1 Rg8 40. Rh3 a5 41. bxa5 Nxa5 42. Bb4 Nxb4 43. axb4 Nc4 44. Bb3 Nd2 45. Bc2 Qa2 46. Qe1 Nc4 47. Qg3 Nb6 48. Kf2 Nd5 49. Qg6 Qc4 50. Bxf5 Qxe2+ 51. Kxe2 Nxf4+ 52. Ke3 Nxg6 53. Bxg6 Bd7 54. Ra1 Rf8 55. g4 Kg8 56. g5 Be8 57. Bxe8 Rxe8 58. gxh6 gxh6 59. Rxh6 Rh7 60. Rg6+ Rg7 61. Rxg7+ Kxg7 1/2-1/2

[Event "GER-ch50 V03 email"]
[Site "GER email"]
[Date "2018.05.15"]
[Round "?"]
[White "Bars, Joachim"]
[Black "Kaiser, Stephan"]
[Result "1/2-1/2"]
[WhiteElo "2377"]
[BlackElo "2258"]
[PlyCount "97"]
[EventDate "2018.??.??"]
[EventType "tourn (corr)"]
[EventRounds "10"]
[EventCountry "GER"]
[SourceTitle "Corr 2020"]
[Source "ChessBase"]
[SourceDate "2019.09.30"]
[SourceVersion "1"]
[SourceVersionDate "2019.09.30"]
[SourceQuality "1"]

1. d4 Nf6 2. c4 e6 3. Nf3 d5 4. Nc3 c6 5. Bg5 dxc4 6. e4 b5 7. e5 h6 8. Bh4 g5 9. Nxg5 hxg5 10. Bxg5 Nbd7 11. exf6 Qb6 12. g3 Bb7 13. Bg2 0-0-0 14. 0-0 c5 15. d5 b4 16. Na4 Qb5 17. a3 Nb8 18. axb4 cxb4 19. Qg4 Bxd5 20. Rfc1 Nc6 21. Bxd5 Rxd5 22. Rxc4 Rxg5 23. Qd4 Kb8 24. Rxc6 Rxg3+ 25. fxg3 Qxc6 26. Rd1 Qc7 27. b3 Kc8 28. Qe3 Kb8 29. Qd2 Bc5+ 30. Nxc5 Qxc5+ 31. Qd4 Qc3 32. Qxc3 bxc3 33. Rc1 Rc8 34. Kf2 Rc6 35. Ke3 Kc7 36. Kd3 Kd6 37. g4 Rc8 38. h4 Ke5 39. g5 Kf5 40. Rxc3 Rh8 41. Rc4 e5 42. Rb4 a6 43. Ra4 Rd8+ 44. Ke2 Rd6 45. Rc4 Rd8 46. Rc7 Kg6 47. Rc3 a5 48. Rc4 Kf5 49. Rc3 1/2-1/2

[Event "GER-ch50 V03 email"]
[Site "GER email"]
[Date "2018.05.15"]
[Round "?"]
[White "Kaiser, Stephan"]
[Black "Boos, Markus"]
[Result "1/2-1/2"]
[WhiteElo "2258"]
[BlackElo "2404"]
[PlyCount "119"]
[EventDate "2018.??.??"]
[EventType "tourn (corr)"]
[EventRounds "10"]
[EventCountry "GER"]
[SourceTitle "Corr 2022"]
[Source "ChessBase"]
[SourceDate "2021.10.24"]
[SourceVersion "1"]
[SourceVersionDate "2021.10.24"]
[SourceQuality "1"]

1. e4 c5 2. Nf3 d6 3. Bb5+ Bd7 4. Bxd7+ Qxd7 5. c4 e5 6. 0-0 Nc6 7. a3 g6 8. b4 Bg7 9. Nc3 Nge7 10. bxc5 dxc5 11. d3 0-0 12. a4 b6 13. Nd5 Rae8 14. Qb3 Rb8 15. Bg5 f6 16. Be3 a5 17. Nxb6 Qd6 18. Qa3 Rxb6 19. Bxc5 Qd8 20. Bxb6 Qxb6 21. c5 Qb7 22. Qc3 Rf7 23. Rfe1 Qc8 24. Rab1 Bf8 25. h3 Nb4 26. d4 exd4 27. Nxd4 Nec6 28. Nb3 Qa6 29. Red1 Na2 30. Qd2 Nab4 31. Rbc1 Kg7 32. Rc3 Qc8 33. Qe2 Re7 34. f4 Qe6 35. Re3 Rb7 36. Kh2 Kg8 37. Rc3 Qf7 38. Rg3 Kg7 39. h4 Kh8 40. Qf3 Re7 41. h5 gxh5 42. Nd4 Nxd4 43. Rxd4 Qe8 44. Rh3 Nc6 45. Rd5 Rg7 46. Rhxh5 Ne7 47. Rd4 Nc6 48. Rd2 Qc8 49. Rdd5 Qb8 50. Rh4 Qb4 51. Rg4 Rxg4 52. Qxg4 Qxe4 53. Qf5 Qxf5 54. Rxf5 Kg7 55. g4 h6 56. Rh5 Kf7 57. Kg3 Ke6 58. Kf3 Nb4 59. Ke4 Kd7 60. Rf5 1/2-1/2

[Event "GER-ch50 V03 email"]
[Site "GER email"]
[Date "2018.05.15"]
[Round "?"]
[White "Milde, Lars"]
[Black "Kaiser, Stephan"]
[Result "0-1"]
[WhiteElo "2271"]
[BlackElo "2258"]
[PlyCount "27"]
[EventDate "2018.??.??"]
[EventType "tourn (corr)"]
[EventRounds "10"]
[EventCountry "GER"]
[SourceTitle "Corr 2020"]
[Source "ChessBase"]
[SourceDate "2019.09.30"]
[SourceVersion "1"]
[SourceVersionDate "2019.09.30"]
[SourceQuality "1"]

1. e4 c5 2. Nf3 Nc6 3. d4 cxd4 4. Nxd4 Nf6 5. Nc3 d6 6. Bg5 e6 7. Qd2 Be7 8. 0-0-0 Nxd4 9. Qxd4 0-0 10. f4 Qa5 11. Bc4 Bd7 12. e5 dxe5 13. fxe5 Bc6 14. Bd2 0-1

[Event "GER-ch47 final email"]
[Site "GER email"]
[Date "2017.02.05"]
[Round "?"]
[White "Tiemann, Hagen"]
[Black "Kaiser, Stephan"]
[Result "1/2-1/2"]
[WhiteElo "2331"]
[BlackElo "2296"]
[PlyCount "46"]
[EventDate "2017.??.??"]
[EventType "tourn (corr)"]
[EventRounds "14"]
[EventCountry "GER"]
[SourceTitle "Corr 2017"]
[Source "ChessBase"]
[SourceDate "2017.09.19"]
[SourceVersion "1"]
[SourceVersionDate "2017.09.19"]
[SourceQuality "1"]

1. e4 c5 2. Nf3 Nc6 3. d4 cxd4 4. Nxd4 e5 5. Nb5 d6 6. N1c3 a6 7. Na3 b5 8. Nd5 Nf6 9. c4 b4 10. Nxf6+ Qxf6 11. Nc2 Be7 12. g3 h5 13. h3 h4 14. g4 Bd8 15. Be3 Rb8 16. b3 Bb6 17. Bxb6 Rxb6 18. Bg2 0-0 19. Qd2 a5 20. 0-0 Ra6 21. Rad1 Rd8 22. f4 exf4 23. Qxf4 Qxf4 1/2-1/2

[Event "GER-ch47 sf06 email"]
[Site "GER email"]
[Date "2015.04.20"]
[Round "?"]
[White "Even, Roland"]
[Black "Kaiser, Stephan"]
[Result "1/2-1/2"]
[WhiteElo "2378"]
[BlackElo "2286"]
[PlyCount "108"]
[EventDate "2015.??.??"]
[EventType "tourn (corr)"]
[EventRounds "8"]
[EventCountry "GER"]
[SourceTitle "Corr 2017"]
[Source "ChessBase"]
[SourceDate "2017.09.19"]
[SourceVersion "1"]
[SourceVersionDate "2017.09.19"]
[SourceQuality "1"]

1. e4 c5 2. Nf3 Nc6 3. c3 Nf6 4. e5 Nd5 5. Bc4 Nb6 6. Bb3 d6 7. exd6 c4 8. Bc2 Qxd6 9. 0-0 Qd5 10. d4 cxd3 11. Bb3 Qa5 12. Qxd3 Bf5 13. Qe2 e6 14. Nh4 Be7 15. Nxf5 Qxf5 16. Nd2 0-0 17. Ne4 a6 18. a4 Rad8 19. a5 Nd5 20. f4 Qg6 21. Kh1 f5 22. Nf2 Bc5 23. Nd3 Ba7 24. Bd2 Qf7 25. Be1 Rd6 26. Bh4 Qc7 27. Rfe1 Nxa5 28. Bxd5 Rxd5 29. Qxe6+ Qf7 30. Nb4 Qxe6 31. Rxe6 Rb5 32. Rd1 Bc5 33. Nd3 Bb6 34. b4 Nc4 35. Ne1 Rf7 36. Be7 h6 37. Nf3 a5 38. Ne5 Nxe5 39. fxe5 axb4 40. c4 Rc5 41. Bxc5 Bxc5 42. h4 b6 43. Kh2 Rc7 44. h5 b3 45. Rb1 Bd4 46. Rxb3 Kf7 47. Rg6 Bxe5+ 48. Kh3 Rxc4 49. Rf3 Bf6 50. Rxf5 Rh4+ 51. Kg3 Rb4 52. Rf1 Rb5 53. Rh1 Ke6 54. Kf3 Rb3+ 1/2-1/2

[Event "Solingen-ch"]
[Site "Solingen"]
[Date "2013.11.22"]
[Round "6"]
[White "Kaiser, Stephan"]
[Black "Ehringfeld, Michael"]
[Result "1-0"]
[WhiteElo "1483"]
[BlackElo "1360"]
[PlyCount "81"]
[EventDate "2013.09.13"]
[EventType "swiss"]
[EventRounds "7"]
[EventCountry "GER"]
[SourceTitle "EXT 2015"]
[Source "ChessBase"]
[SourceDate "2014.11.20"]
[SourceVersion "1"]
[SourceVersionDate "2014.11.20"]
[SourceQuality "1"]

1. d4 d5 2. c4 c6 3. Bf4 Nf6 4. e3 Bf5 5. Nc3 e6 6. a3 Bd6 7. Bg5 Nbd7 8. Nf3 Bg4 9. Be2 Qb8 10. h3 Bxf3 11. Bxf3 h6 12. Bxf6 Nxf6 13. 0-0 0-0 14. Rc1 Re8 15. cxd5 exd5 16. b4 b5 17. Re1 a5 18. Qb3 axb4 19. axb4 Qb6 20. Rcd1 Ra7 21. Qb1 Rea8 22. Qb2 Qd8 23. e4 dxe4 24. Bxe4 Nxe4 25. Rxe4 Qf8 26. d5 cxd5 27. Nxd5 Ra2 28. Qd4 R2a4 29. Nf6+ Kh8 30. Nd7 Qd8 31. Qxd6 R4a6 32. Qd3 Ra1 33. Ree1 R1a3 34. Qxb5 Qh4 35. Ne5 Ra2 36. Qc5 Kg8 37. Nf3 Qf6 38. Qc4 Qb2 39. Rd2 Qf6 40. Rxa2 Rd8 41. Rc2 1-0

[Event "GER-ch44 V02 email"]
[Site "GER email"]
[Date "2013.??.??"]
[Round "?"]
[White "Marquardt, Guenter"]
[Black "Kaiser, Stephan"]
[Result "1-0"]
[WhiteElo "2132"]
[BlackElo "2149"]
[PlyCount "149"]
[EventDate "2012.??.??"]
[EventType "tourn (corr)"]
[EventRounds "10"]
[EventCountry "GER"]
[SourceTitle "Corr 2015"]
[Source "ChessBase"]
[SourceDate "2015.07.17"]
[SourceVersion "1"]
[SourceVersionDate "2015.07.17"]
[SourceQuality "1"]

1. e4 c5 2. Nf3 Nc6 3. d4 cxd4 4. Nxd4 e5 5. Nb5 d6 6. N1c3 a6 7. Na3 b5 8. Nd5 Nf6 9. c4 b4 10. Nxf6+ Qxf6 11. Nc2 Be7 12. Ne3 0-0 13. Bd3 Qg6 14. 0-0 Bg5 15. Nf5 Bxc1 16. Rxc1 Qf6 17. Qa4 Bxf5 18. Qxc6 Bg4 19. h3 Be6 20. Rfd1 Qg5 21. Bf1 Bxh3 22. Qxd6 a5 23. Qd3 Bg4 24. Be2 Be6 25. c5 Bxa2 26. c6 a4 27. Qd6 Bb3 28. Re1 a3 29. Qxb4 axb2 30. Rb1 Be6 31. Rxb2 Rfc8 32. Qd6 Qd8 33. Qxd8+ Rxd8 34. Rc1 Rdc8 35. Rb5 f6 36. Rb7 Kf8 37. Kh2 h6 38. Rc2 h5 39. Bxh5 Ra6 40. c7 Ke7 41. Kg3 Kd7 42. Be2 Ra3+ 43. f3 Ke7 44. Rc6 Ra5 45. Rc3 Ra2 46. Kf2 Bd7 47. Ke3 Ra4 48. g3 Ra1 49. f4 Ra5 50. Kf3 Kf8 51. f5 Ke7 52. g4 Kf8 53. g5 Ke7 54. Kg3 fxg5 55. Rb8 Ra7 56. Rxc8 Bxc8 57. Kg4 Ra1 58. Kxg5 Rg1+ 59. Kh5 Kf6 60. Rc6+ Ke7 61. Rg6 Re1 62. Rxg7+ Kf8 63. Rg2 Rc1 64. Kg6 Rxc7 65. Rh2 Kg8 66. Kf6 Rc2 67. Ke7 Rc7+ 68. Kd6 Rc2 69. f6 Ba6 70. Rg2+ Kf8 71. Bf1 Rxg2 72. Bxg2 Kf7 73. Kxe5 Bc4 74. Bf3 Kg6 75. Kd4 1-0

[Event "Solingen-ch"]
[Site "Solingen"]
[Date "2012.09.28"]
[Round "2"]
[White "Moeller, Laura"]
[Black "Kaiser, Stephan"]
[Result "0-1"]
[WhiteElo "918"]
[BlackElo "1484"]
[PlyCount "66"]
[EventDate "2012.09.14"]
[EventType "swiss"]
[EventRounds "7"]
[EventCountry "GER"]
[SourceTitle "EXT 2015"]
[Source "ChessBase"]
[SourceDate "2014.11.20"]
[SourceVersion "1"]
[SourceVersionDate "2014.11.20"]
[SourceQuality "1"]

1. c4 Nf6 2. Nc3 e6 3. b3 d5 4. g3 b6 5. Bg2 Bb7 6. Nf3 Bd6 7. 0-0 Nbd7 8. d4 0-0 9. Be3 c6 10. Qd3 Qe7 11. Rae1 Rfd8 12. cxd5 cxd5 13. Nb5 Ba6 14. a4 Rac8 15. Qd2 Bxb5 16. axb5 Bb4 17. Qd3 Bxe1 18. Rxe1 e5 19. dxe5 Nxe5 20. Nxe5 Qxe5 21. Bf3 Qc3 22. Qd1 Ne4 23. Bxe4 dxe4 24. Qb1 Qc2 25. Qa1 Qxb3 26. Qxa7 Qxb5 27. Bxb6 Rd7 28. Qa1 Qxb6 29. Qe5 Qb7 30. h4 h6 31. g4 Qd5 32. Qf4 Qd2 33. Qxd2 Rxd2 0-1

[Event "GER-ch44 V02 email"]
[Site "GER email"]
[Date "2012.??.??"]
[Round "?"]
[White "Oehler, Rolf"]
[Black "Kaiser, Stephan"]
[Result "1/2-1/2"]
[WhiteElo "2057"]
[BlackElo "2149"]
[PlyCount "59"]
[EventDate "2012.??.??"]
[EventType "tourn (corr)"]
[EventRounds "10"]
[EventCountry "GER"]
[SourceTitle "Corr 2015"]
[Source "ChessBase"]
[SourceDate "2015.07.17"]
[SourceVersion "1"]
[SourceVersionDate "2015.07.17"]
[SourceQuality "1"]

1. e4 c5 2. Nf3 Nc6 3. d4 cxd4 4. Nxd4 e5 5. Nb5 d6 6. c4 Nf6 7. N1c3 a6 8. Na3 Be7 9. Nc2 Be6 10. Be2 Rc8 11. b3 b5 12. cxb5 axb5 13. Bxb5 0-0 14. Be2 d5 15. exd5 Nxd5 16. Nxd5 Bxd5 17. 0-0 Be4 18. Ne3 Qd4 19. Qxd4 exd4 20. Nc4 d3 21. Bf3 Bxf3 22. gxf3 Nd4 23. Kg2 Ne2 24. Be3 f5 25. f4 Bf6 26. Rad1 Rfd8 27. a4 Rb8 28. Bb6 Rd5 29. a5 Nxf4+ 30. Kf3 1/2-1/2

[Event "GER-ch43 V04 email"]
[Site "GER email"]
[Date "2011.??.??"]
[Round "?"]
[White "Gonschior, Manfred"]
[Black "Kaiser, Stephan"]
[Result "1/2-1/2"]
[WhiteElo "2125"]
[BlackElo "2149"]
[PlyCount "108"]
[EventDate "2011.04.18"]
[EventType "tourn (corr)"]
[EventRounds "8"]
[EventCountry "GER"]
[SourceTitle "Corr 2015"]
[Source "ChessBase"]
[SourceDate "2015.07.17"]
[SourceVersion "1"]
[SourceVersionDate "2015.07.17"]
[SourceQuality "1"]

1. e4 c5 2. Nf3 Nc6 3. d4 cxd4 4. Nxd4 e5 5. Nb5 d6 6. N1c3 a6 7. Na3 b5 8. Nd5 Nf6 9. Bg5 Be7 10. Bxf6 Bxf6 11. c3 Rb8 12. Nc2 Bg5 13. Be2 0-0 14. 0-0 a5 15. Qd3 Be6 16. Rad1 b4 17. b3 bxc3 18. Qxc3 Qd7 19. Bc4 h6 20. Qd3 Rfc8 21. Qg3 Ne7 22. Nxe7+ Qxe7 23. Na3 Rc5 24. Rfe1 a4 25. Bxe6 Qxe6 26. Nc4 axb3 27. axb3 Be7 28. h3 Rbb5 29. Kh2 h5 30. Ra1 d5 31. exd5 Rxd5 32. Ra8+ Kh7 33. Qf3 g6 34. Re8 Rd8 35. Rxd8 Bxd8 36. g3 h4 37. g4 Be7 38. Kg2 Bg5 39. Qe4 Bf4 40. Qf3 Rd5 41. Ra1 Rd8 42. Ra7 Kg7 43. Ra2 Qd7 44. Ra6 Qd4 45. Ra4 Bg5 46. Na5 Qd5 47. Qxd5 Rxd5 48. Nc4 e4 49. Ra5 Rxa5 50. Nxa5 Kf6 51. Nc4 Ke6 52. f3 exf3+ 53. Kxf3 Kd5 54. Nb6+ Kc5 1/2-1/2

[Event "GER-ch43 V04 email"]
[Site "GER email"]
[Date "2011.??.??"]
[Round "?"]
[White "Hahn, Werner"]
[Black "Kaiser, Stephan"]
[Result "1/2-1/2"]
[WhiteElo "2025"]
[BlackElo "2149"]
[PlyCount "91"]
[EventDate "2011.04.18"]
[EventType "tourn (corr)"]
[EventRounds "8"]
[EventCountry "GER"]
[SourceTitle "Corr 2015"]
[Source "ChessBase"]
[SourceDate "2015.07.17"]
[SourceVersion "1"]
[SourceVersionDate "2015.07.17"]
[SourceQuality "1"]

1. e4 c5 2. Nf3 Nc6 3. Bb5 d6 4. 0-0 Bd7 5. c3 a6 6. Bc4 Nf6 7. d4 Nxe4 8. Re1 Nf6 9. d5 Na5 10. Bf1 b5 11. Bg5 e5 12. dxe6 fxe6 13. Nbd2 d5 14. Ne5 Bd6 15. Nxd7 Kxd7 16. g3 h6 17. Bxf6 gxf6 18. a4 c4 19. Bh3 f5 20. Nf3 Nc6 21. Bxf5 exf5 22. Qxd5 Kc7 23. axb5 axb5 24. Rad1 Qd7 25. Qxb5 Rhe8 26. Rxe8 Qxe8 27. Qxc4 Qg8 28. Qd3 Qe6 29. b4 Rd8 30. Qb5 f4 31. Re1 Qf7 32. Qe2 Rf8 33. Kg2 Qb3 34. b5 fxg3 35. hxg3 Qxc3 36. Rd1 Ne5 37. Nd4 Rf6 38. f4 Rg6 39. Nf5 Nd7 40. Kh3 Qb3 41. Qh5 Qg8 42. Nxd6 Rxd6 43. Rxd6 Kxd6 44. Qxh6+ Ke7 45. Qh5 Qe6+ 46. Kg2 1/2-1/2

[Event "GER-ch44 V02 email"]
[Site "GER email"]
[Date "2011.??.??"]
[Round "?"]
[White "Kaiser, Stephan"]
[Black "Drobka, Manfred"]
[Result "1/2-1/2"]
[WhiteElo "2149"]
[BlackElo "2187"]
[PlyCount "62"]
[EventDate "2012.??.??"]
[EventType "tourn (corr)"]
[EventRounds "10"]
[EventCountry "GER"]
[SourceTitle "Corr 2015"]
[Source "ChessBase"]
[SourceDate "2015.07.17"]
[SourceVersion "1"]
[SourceVersionDate "2015.07.17"]
[SourceQuality "1"]

1. e4 e5 2. Nf3 Nc6 3. Bb5 a6 4. Bxc6 dxc6 5. 0-0 Bg4 6. d3 Bd6 7. Be3 Ne7 8. h3 Bh5 9. Nbd2 c5 10. c3 Nc6 11. Qb3 0-0 12. a3 Qd7 13. g4 Bg6 14. Nh4 Be7 15. Nxg6 hxg6 16. Rad1 Na5 17. Qa2 Qxd3 18. b4 Nc6 19. Nc4 Qxc3 20. Rd5 Nd4 21. Nxe5 Nb3 22. bxc5 c6 23. Rd7 Bxc5 24. Nxf7 Bxe3 25. fxe3 Qxe3+ 26. Kh2 Rae8 27. Qb2 Nd2 28. Rxd2 Rxf7 29. Rxf7 Kxf7 30. Rd7+ Ke6 31. Qxg7 Qf2+ 1/2-1/2

[Event "GER-ch44 V02 email"]
[Site "GER email"]
[Date "2011.??.??"]
[Round "?"]
[White "Kaiser, Stephan"]
[Black "Mehaux, Heiko"]
[Result "1/2-1/2"]
[WhiteElo "2149"]
[BlackElo "2078"]
[PlyCount "64"]
[EventDate "2012.??.??"]
[EventType "tourn (corr)"]
[EventRounds "10"]
[EventCountry "GER"]
[SourceTitle "Corr 2015"]
[Source "ChessBase"]
[SourceDate "2015.07.17"]
[SourceVersion "1"]
[SourceVersionDate "2015.07.17"]
[SourceQuality "1"]

1. e4 e5 2. Nf3 Nf6 3. Nxe5 d6 4. Nf3 Nxe4 5. d4 d5 6. Bd3 Be7 7. 0-0 Nc6 8. c4 Nb4 9. cxd5 Nxd3 10. Qxd3 Qxd5 11. Re1 Bf5 12. g4 Bg6 13. Nc3 Nxc3 14. Qxc3 f6 15. Nh4 Kf7 16. Qxc7 Rhe8 17. Nxg6 hxg6 18. Bf4 Rad8 19. Rad1 g5 20. Bg3 Rd7 21. Qc2 Bd8 22. Rxe8 Kxe8 23. b3 Bb6 24. Re1+ Kf7 25. Qh7 Rd8 26. Qh5+ Kg8 27. h4 Bxd4 28. hxg5 fxg5 29. Re8+ Rxe8 30. Qxe8+ Kh7 31. Qh5+ Kg8 32. Qh1 Qxh1+ 1/2-1/2

[Event "GER-ch41 V04 email"]
[Site "GER email"]
[Date "2010.??.??"]
[Round "?"]
[White "Goy, Udo"]
[Black "Kaiser, Stephan"]
[Result "0-1"]
[WhiteElo "1930"]
[BlackElo "2149"]
[PlyCount "44"]
[EventDate "2010.??.??"]
[EventType "tourn (corr)"]
[EventRounds "12"]
[EventCountry "GER"]
[SourceTitle "Corr 2015"]
[Source "ChessBase"]
[SourceDate "2015.07.17"]
[SourceVersion "1"]
[SourceVersionDate "2015.07.17"]
[SourceQuality "1"]

1. d4 Nf6 2. c4 e6 3. Nf3 Nc6 4. Nc3 Bb4 5. Qc2 0-0 6. g3 d5 7. a3 Bxc3+ 8. bxc3 Na5 9. cxd5 exd5 10. Bg2 c6 11. 0-0 Re8 12. Ne5 Ne4 13. Nd3 Bf5 14. g4 Bg6 15. f4 h5 16. f5 Bh7 17. gxh5 Nc4 18. Rb1 Ned6 19. f6 gxf6 20. a4 Kh8 21. Kh1 Qe7 22. Bf3 Nf5 0-1

[Event "GER-ch42 V03 email"]
[Site "GER email"]
[Date "2010.??.??"]
[Round "?"]
[White "Isigkeit, Hans Juergen"]
[Black "Kaiser, Stephan"]
[Result "1/2-1/2"]
[WhiteElo "2170"]
[BlackElo "2149"]
[PlyCount "100"]
[EventDate "2010.??.??"]
[EventType "tourn (corr)"]
[EventRounds "12"]
[EventCountry "GER"]
[SourceTitle "Corr 2015"]
[Source "ChessBase"]
[SourceDate "2015.07.17"]
[SourceVersion "1"]
[SourceVersionDate "2015.07.17"]
[SourceQuality "1"]

1. d4 Nf6 2. c4 e6 3. Nc3 Bb4 4. e3 c5 5. Bd3 0-0 6. Nge2 d5 7. cxd5 exd5 8. 0-0 c4 9. Bc2 Nc6 10. f3 Re8 11. a3 Ba5 12. b3 cxb3 13. Bxb3 Be6 14. Bd2 Rc8 15. Rc1 Qd6 16. Nb5 Qe7 17. Nf4 a6 18. Nc3 Bc7 19. Nxe6 fxe6 20. a4 Kh8 21. Be1 Qd6 22. g3 Bb6 23. Ne2 e5 24. Bf2 Qe7 25. g4 Qd7 26. Kh1 Rcd8 27. Rb1 Ba7 28. Bc2 Qf7 29. g5 Nh5 30. Bh4 Qd7 31. f4 Qh3 32. fxe5 Qxh4 33. Qd3 g6 34. Rxb7 Re7 35. Rxe7 Nxe7 36. Rf7 Nf5 37. Qxa6 Qe1+ 38. Ng1 Qh4 39. Bxf5 gxf5 40. Rxf5 Bb6 41. Rf3 Qxg5 42. Qf1 Rg8 43. Rh3 h6 44. Ne2 Qg6 45. Ng3 Nxg3+ 46. Rxg3 Qe4+ 47. Qg2 Rxg3 48. hxg3 Qxe3 49. Qxd5 Qe1+ 50. Kg2 Qe2+ 1/2-1/2